000 00536nam a2200181Ia 4500
005 20250423101047.0
008 250422s9999 xx 000 0 und d
020 _a9780128037225
050 _aTN871.5 .S74/
100 _aStewart, Maurice.
245 0 _aSurface production operations
260 _aAmsterdam; Boston
260 _bElsevier ; GPP
260 _c2022
300 _a784 p
650 _aPetroleum engineering--Equipment and supplies. Oil fields--Equipment and supplies. Oil fields--Production methods.
942 _cBK
999 _c35163
_d35163